| 000 | 01124pam a2200265 a 4500 | ||
|---|---|---|---|
| 005 | 20131115085623.0 | ||
| 008 | 910917s1992 nju b 001 0 eng | ||
| 020 | _a0691078971 | ||
| 041 | 0 | _aeng | |
| 080 | _a341 | ||
| 100 | 1 |
_aPrincen, Tom, _d1951- |
|
| 245 | 1 | 0 |
_aIntermediaries in international conflict / _cThomas Princen. |
| 260 |
_aPrinceton, N.J. : _bPrinceton University Press, _cc1992. |
||
| 300 |
_axv, 263 f. ; _c25 cm. |
||
| 500 | _aPreface : f. XIII-XV | ||
| 500 | _a"Written under the auspices of the Center of International Studies, Princeton University." | ||
| 504 | _aIncludes bibliographical references (p. [253]-259) and index. | ||
| 650 | 0 | _aNdërmjetësimi, International. | |
| 650 | 0 | _aE drejta ndërkombëtare | |
| 650 | 0 | _aZgjidhja e mosmarrëveshjeve pacifike ndërkombëtare. | |
| 710 | 2 |
_aWoodrow Wilson School of Public and International Affairs. _bCenter of International Studies. |
|
| 856 | 4 | 2 |
_3Publisher description _uhttp://www.loc.gov/catdir/description/prin031/91036138.html |
| 856 | 4 | 1 |
_3Table of contents _uhttp://www.loc.gov/catdir/toc/prin031/91036138.html |
| 942 |
_2udc _cBK |
||
| 999 |
_c334 _d334 |
||